000 00545nam a2200181 a 4500
001 000017201
005 20200929165039.0
008 100319s1982 dr 000 0 spa d
040 _aDO-SdBNP
082 _axxx
_bM539s
100 1 _aMendoza, Hugo R.
_96390
245 1 0 _aSipnosis de diagnósitco físico en pediatría /
_cHugo R. Mendoza.
250 _a2da. ed.
260 _aSanto Domingo :
_bUniversidad Autónoma de Santo Domingo,
_c1982.
300 _a120 p. ;
_c22 cm.
500 _aIncluye notas al pie de las páginas
049 _aBNPD
999 _c16727
_d16727